Materiales y elementos de construcción (Record no. 32286)
[ view plain ]
| 000 -LEADER | |
|---|---|
| campo de control de longitud fija | 00478nam a2200157 i 4500 |
| 001 - NÚMERO DE CONTROL | |
| campo de control | 32286 |
| 003 - IDENTIFICADOR DE NÚMERO DE CONTROL | |
| campo de control | ES-MaACL |
| 005 - FECHA Y HORA DE LA ÚLTIMA TRANSACCIÓN | |
| campo de control | 20230906154539.0 |
| 007 - CAMPO FIJO DE DESCRIPCIÓN FÍSICA--INFORMACIÓN GENERAL | |
| campo de control de longitud fija | t| |
| 008 - DATOS DE LONGITUD FIJA--INFORMACIÓN GENERAL | |
| campo de control de longitud fija | 030130s1953 sp ||||1| spa d |
| 100 1# - ENTRADA PRINCIPAL--NOMBRE DE PERSONA | |
| Nombre de persona | Bergós, Joan. |
| 9 (RLIN) | 143724 |
| 245 10 - MENCIÓN DEL TÍTULO | |
| Título | Materiales y elementos de construcción |
| Resto del título | : estudio experimental / |
| Mención de responsabilidad, etc. | Joan Bergos. |
| 260 ## - PUBLICACIÓN, DISTRIBUCIÓN, ETC. | |
| Lugar de publicación, distribución, etc. | Barcelona : |
| Nombre del editor, distribuidor, etc. | Bosch, |
| Fecha de publicación, distribución, etc. | [1953] ( |
| Fabricante | J. Sabater Bros) |
| 300 ## - DESCRIPCIÓN FÍSICA | |
| Extensión | 408 p. : |
| Otras características físicas | il. ; |
| Dimensiones | 25 cm. |
| 852 ## - LOCALIZACIÓN | |
| Ubicación | ES-MaACL |
| Número de control de estantería | C-8295 |
| Sublocalización o colección | R.36223 |
| Estatus retirado | Estado de pérdida | Estado de daño | No para préstamo | Biblioteca de origen | Biblioteca actual | Ubicación en estantería | Fecha de adquisición | Fuente de adquisición | Total de préstamos | Signatura topográfica completa | Código de barras | Visto por última vez | Precio de reemplazo | Tipo de ítem Koha |
|---|---|---|---|---|---|---|---|---|---|---|---|---|---|---|
| Biblioteca del Ateneo de Madrid | Biblioteca del Ateneo de Madrid | Sala Palomar | 17/01/2008 | C-8295 | 1033432 | 23/02/2023 | 23/02/2023 | Libro impreso |
